000 00554nam a22002297a 4500
003 UA-OsUOA
001 47804
007 ta
008 20070821b un ||||| |||| 00| 0 ukr d
100 _aАмосов Н.М.
090 _a1
_bА62
942 _cBK
040 _aUA-OsUOA
_brus
_cUA-OsUOA
_dUA-OsUOA
245 _aПрирода человека
300 _a225 с.
955 _a4
041 _arus
080 _a1
260 _aК.
_bНаукова думка
_c1983
650 7 _a1 Філософські науки
_2UDC
999 _c333900
_d333900